Score 0/20 Timer 05:00
0 Plays Today
Bridge Name Country % Correct
LondonUnited States or United Kingdom
88.5%
Akashi-KaikyoJapan
82%
BosphorusTurkey
67.5%
TasmanAustralia
67%
King Fahd CausewayBahrain & Saudi Arabia
62.5%
IncheonSouth Korea
61%
Clifton SuspensionUnited Kingdom
54%
Millau ViaductFrance
52%
MackinacUnited States
49%
AlamilloSpain
47.5%
Bridge Name Country % Correct
ZeelandNetherlands
47%
Orsund Bridge & TunnelDenmark & Sweden
46.5%
la UnidadMexico
45.5%
Victoria FallsZambia & Zimbabwe
41.5%
ConfederationCanada
40%
SutongChina
38%
SamiFinland & Norway
30.5%
Krk (Krcki most)Croatia
24.5%
Lion's GateCanada
22%
BloukransSouth Africa
21.5%

You're not logged in!

Compare scores with friends on all Sporcle quizzes.
OR
Log In

Sporcle TV

Today on Sporcle TV


Watch our educational content, quiz creation guides, and fun videos on Sporcle TV.

Show Comments

Extras

Created Oct 9, 2009ReportNominate
Tags:Country Quiz, bridge

Top Quizzes Today


Score Distribution

Paid Content

Your Account Isn't Verified!

In order to create a playlist on Sporcle, you need to verify the email address you used during registration. Go to your Sporcle Settings to finish the process.

Report this User

Report this user for behavior that violates our Community Guidelines.

Details: